|
|
|
|
| LEADER |
00786cam a2200205 7i4500 |
| 001 |
0000003384 |
| 005 |
20190429090000.0 |
| 020 |
|
|
|a 9780133737622
|
| 020 |
|
|
|a 0133737624 (hbk.)
|
| 090 |
0 |
0 |
|a TK5102.9
|b .P76 1996
|
| 100 |
1 |
|
|a Proakis, John G
|
| 245 |
1 |
0 |
|a Digital signal processing :
|b principles , algorithms , and applications
|c John G. Proakis, Dimitris G. Manolakis.
|
| 250 |
|
|
|a 3rd ed.
|
| 260 |
|
|
|a Upper Saddle River, N.J.:
|b Prentice Hall,
|c 1996.
|
| 300 |
|
|
|a xv, 968 p.:
|b ill.;
|c 24 cm.
|
| 504 |
|
|
|a Includes bibliographical references and index
|
| 650 |
0 |
0 |
|a Signal processing --
|x Digital techniques
|
| 700 |
1 |
|
|a Manolakis, Dimitris G
|
| 997 |
|
|
|a Engineering & Life Sciences, Faculty
|b Engineering, Department
|
| 999 |
|
|
|a 0000004110
|b BOK
|c OPEN SHELF
|e 2nd Floor, Shah Alam
|